000 01218cam a22003011 4500
001 gs 40000321
003 DLC
005 20260227111346.0
008 760402s1940 oncef b f001 0 eng c
010 _ags 40000321
035 _a(OCoLC)2087398
040 _aU.S. Geol. Survey. Library
_cNcBoA
_dNSbSU
_dDLC
042 _apremarc
043 _an-cn-bc
050 0 0 _aQE185
_b.A2 no. 223
051 _aTN27.B9
_bK47
_cCopy 2.
051 _aTN27.B9
_bK47 Copy 2
_cCopy 3.
082 _a557.1
100 1 _aKindle, Edward Darwin,
_d1906-
245 1 0 _a...Mineral resources, Hazelton and Smithers areas, Cassair and Coast districts, British Columbia,
_cby E. D. Kindle.
260 _aOttawa,
_bJ. O. Patenaude, I.S.O., printer to the King,
_c1940.
300 _a2 p. l., 107 p.
_bincl. tables. iv pl. (incl. front.) plans (part fold.)
_c25 cm.
490 1 _aGeological Survey of Canada. Memoir
_vno. 223
500 _aAt head of title: Canada. Department of mines and resources. Mines and geology branch. Bureau of geology and topography. Geological survey.
504 _aBibliography: p. 3-4.
650 0 _aMines and mineral resources
_zBritish Columbia.
830 0 _aMemoir (Geological Survey of Canada) ;
_v223
999 _c27666
_d27666